[Event "Tradewise Gibraltar Masters 16th"]
[Site "Gibraltar"]
[Date "2018.01.31"]
[Round "9.93"]
[White "Ranaivoharisoa, Alain"]
[Black "Garcia Martin, Marta"]
[Result "1-0"]
[WhiteElo "2142"]
[BlackElo "2323"]
[PlyCount "71"]
[EventDate "2018.01.23"]
[EventType "swiss"]
[EventRounds "10"]
[EventCountry "GGB"]
[SourceTitle "BritBase"]
[Source "www.saund.co.uk"]
[SourceDate "2018.02.10"]
[SourceVersion "1"]
[SourceVersionDate "2018.02.10"]
[SourceQuality "1"]

1. e4 c5 2. Nf3 e6 3. d4 cxd4 4. Nxd4 Nc6 5. Nc3 Qc7 6. Be3 a6 7. a3 Nf6 8. Be2
b5 9. O-O Bb7 10. f4 Bc5 11. b4 Ba7 12. Kh1 Nxd4 13. Bxd4 Nxe4 14. Nxe4 Bxe4
15. Bxa7 Qxa7 16. a4 Qb7 17. Bf3 Bxf3 18. Rxf3 bxa4 19. Rxa4 Qb5 20. c3 g6 21.
Ra5 Qb6 22. Qd2 d5 23. f5 gxf5 24. Qg5 Rc8 25. h3 Rf8 26. Qf6 Rc6 27. Qg7 Qc7
28. Rxd5 Rc4 29. Rdd3 Re4 30. Rf1 Ke7 31. Qg5+ f6 32. Qh5 Qc6 33. Rfd1 h6 34.
Qg6 Qe8 35. Qg7+ Rf7 36. Rd7+ 1-0

[Event "Tradewise Gibraltar Masters 16th"]
[Site "Gibraltar"]
[Date "2018.01.31"]
[Round "9.94"]
[White "Bliumberg, Vladislav"]
[Black "Villar Reymundo, Juan Antonio"]
[Result "0-1"]
[WhiteElo "2276"]
[BlackElo "2121"]
[PlyCount "112"]
[EventDate "2018.01.23"]
[EventType "swiss"]
[EventRounds "10"]
[EventCountry "GGB"]
[SourceTitle "BritBase"]
[Source "www.saund.co.uk"]
[SourceDate "2018.02.10"]
[SourceVersion "1"]
[SourceVersionDate "2018.02.10"]
[SourceQuality "1"]

1. d4 Nf6 2. Bg5 d5 3. Bxf6 exf6 4. e3 Bd6 5. c4 dxc4 6. Bxc4 f5 7. Nf3 Nd7 8.
Nc3 c6 9. O-O Nf6 10. Qc2 O-O 11. Bd3 g6 12. a3 a5 13. Rab1 Qe7 14. Na4 Be6 15.
Nb6 Ra7 16. Rfc1 Nd5 17. Nc4 Bc7 18. Nce5 Raa8 19. Be2 a4 20. Nd3 Nf6 21. Nc5
Bd5 22. Re1 Ba5 23. Rf1 b5 24. Rbc1 Bc7 25. Nd3 Bd6 26. Nfe5 Rac8 27. Bf3 Ne4
28. Bxe4 fxe4 29. Nc5 Bxe5 30. dxe5 Bc4 31. Nxe4 Qxe5 32. Rfe1 f5 33. Nc3 Qe6
34. Nxa4 Rcd8 35. Nb6 Bd3 36. Qxc6 Rd6 37. Qc3 Be4 38. Nc8 Rc6 39. Qxc6 Bxc6
40. Rxc6 Qe5 41. Rc3 f4 42. Rec1 fxe3 43. fxe3 Rd8 44. h3 Rd2 45. Kh1 Qe4 46.
Rg1 g5 47. Nb6 g4 48. Rc8+ Kg7 49. Rc7+ Kh6 50. Rd7 Rf2 51. Nd5 Qe6 52. Rd8 Qe5
53. Rd7 Qg3 54. Nc3 gxh3 55. Rd6+ Qxd6 56. Ne4 hxg2+ 0-1

[Event "Tradewise Gibraltar Masters 16th"]
[Site "Gibraltar"]
[Date "2018.01.31"]
[Round "9.95"]
[White "Antova, Gabriela"]
[Black "Smith, Andrew Philip"]
[Result "1-0"]
[WhiteElo "2260"]
[BlackElo "2111"]
[PlyCount "77"]
[EventDate "2018.01.23"]
[EventType "swiss"]
[EventRounds "10"]
[EventCountry "GGB"]
[SourceTitle "BritBase"]
[Source "www.saund.co.uk"]
[SourceDate "2018.02.10"]
[SourceVersion "1"]
[SourceVersionDate "2018.02.10"]
[SourceQuality "1"]

1. d4 Nf6 2. c4 e6 3. Nf3 d5 4. Nc3 c6 5. e3 Nbd7 6. Qc2 Bb4 7. Bd3 dxc4 8.
Bxc4 b5 9. Be2 Bb7 10. O-O a6 11. a3 Bd6 12. e4 e5 13. Bg5 exd4 14. Nxd4 O-O
15. Nf5 Qc7 16. f4 Bc5+ 17. Kh1 Rfc8 18. e5 Ne8 19. Ne4 Bf8 20. Rf3 c5 21. Rh3
g6 22. Nh6+ Bxh6 23. Bxh6 c4 24. e6 fxe6 25. Bg4 Bd5 26. Re1 Qc6 27. Ng5 Nc5
28. Re2 Ra7 29. Nxh7 Nd3 30. Nf8 Rd8 31. Nxe6 Re7 32. Nxd8 Nf2+ 33. Kg1 Nxh3+
34. Bxh3 Qb6+ 35. Kf1 Rxe2 36. Kxe2 Qxd8 37. Qxg6+ Kh8 38. Bg5 Qa8 39. Bf5 1-0

[Event "Tradewise Gibraltar Masters 16th"]
[Site "Gibraltar"]
[Date "2018.01.31"]
[Round "9.96"]
[White "Gavilan Diaz, Mario"]
[Black "Berrocal Ruiz, Valentin"]
[Result "1-0"]
[WhiteElo "2251"]
[BlackElo "2068"]
[PlyCount "81"]
[EventDate "2018.01.23"]
[EventType "swiss"]
[EventRounds "10"]
[EventCountry "GGB"]
[SourceTitle "BritBase"]
[Source "www.saund.co.uk"]
[SourceDate "2018.02.10"]
[SourceVersion "1"]
[SourceVersionDate "2018.02.10"]
[SourceQuality "1"]

1. e4 e5 2. Nf3 Nc6 3. Bb5 Nf6 4. d3 Bc5 5. c3 d5 6. Nbd2 O-O 7. O-O dxe4 8.
dxe4 Qe7 9. Qc2 Bd7 10. b4 Bd6 11. Bd3 b5 12. a4 a6 13. Re1 Rfc8 14. Nf1 Qe8
15. axb5 axb5 16. Bg5 Nh5 17. Ne3 h6 18. Bh4 Nf4 19. Bf1 Rxa1 20. Rxa1 Ra8 21.
Qb2 Rxa1 22. Qxa1 Qb8 23. Qa6 Nd8 24. Bxd8 Qxd8 25. Bxb5 Bxb5 26. Qxb5 Qa8 27.
h3 Qa1+ 28. Kh2 Qxc3 29. Qe8+ Kh7 30. Qxf7 Qxb4 31. Qf5+ Kg8 32. Qc8+ Kh7 33.
Qf5+ Kg8 34. g3 Nd3 35. Qe6+ Kh7 36. Qf5+ Kg8 37. Nh4 Qd2 38. Ng4 h5 39. Qe6+
Kh7 40. Qg6+ Kg8 41. Nf6+ 1-0

[Event "Tradewise Gibraltar Masters 16th"]
[Site "Gibraltar"]
[Date "2018.01.31"]
[Round "9.97"]
[White "Bozinovic, Boban"]
[Black "Oglaza, Oskar"]
[Result "1/2-1/2"]
[WhiteElo "1972"]
[BlackElo "2245"]
[PlyCount "75"]
[EventDate "2018.01.23"]
[EventType "swiss"]
[EventRounds "10"]
[EventCountry "GGB"]
[SourceTitle "BritBase"]
[Source "www.saund.co.uk"]
[SourceDate "2018.02.10"]
[SourceVersion "1"]
[SourceVersionDate "2018.02.10"]
[SourceQuality "1"]

1. e4 c5 2. Nf3 d6 3. d4 cxd4 4. Nxd4 Nf6 5. Nc3 a6 6. Bg5 Nbd7 7. f4 Qc7 8.
Qf3 b5 9. O-O-O Bb7 10. Kb1 g6 11. Bh4 Bg7 12. Bf2 O-O 13. a3 Rac8 14. Bd3 e5
15. Nde2 Nc5 16. Rhe1 d5 17. exd5 e4 18. Nxe4 Ncxe4 19. Bxe4 Bxd5 20. Bxd5
Qxc2+ 21. Ka1 Nxd5 22. Bd4 Nb6 23. Bxg7 Kxg7 24. Nd4 Qc7 25. f5 Nc4 26. h4 Rfe8
27. h5 Rxe1 28. f6+ Kf8 29. Rxe1 Qd6 30. Qb7 Rb8 31. Qa7 Rc8 32. Qb7 Rb8 33.
Qa7 Rc8 34. hxg6 hxg6 35. Qb7 Rb8 36. Qa7 Rc8 37. Qb7 Rb8 38. Qa7 1/2-1/2

[Event "Tradewise Gibraltar Masters 16th"]
[Site "Gibraltar"]
[Date "2018.01.31"]
[Round "9.98"]
[White "Coleman, David J"]
[Black "Serarols Mabras, Bernat"]
[Result "0-1"]
[WhiteElo "2055"]
[BlackElo "2235"]
[PlyCount "48"]
[EventDate "2018.01.23"]
[EventType "swiss"]
[EventRounds "10"]
[EventCountry "GGB"]
[SourceTitle "BritBase"]
[Source "www.saund.co.uk"]
[SourceDate "2018.02.10"]
[SourceVersion "1"]
[SourceVersionDate "2018.02.10"]
[SourceQuality "1"]

1. e4 c6 2. d4 d5 3. exd5 cxd5 4. c4 Nf6 5. Nc3 Nc6 6. Bg5 Be6 7. Be2 Qa5 8.
Nf3 dxc4 9. Bxf6 exf6 10. d5 O-O-O 11. Bxc4 Bb4 12. O-O Bxc3 13. bxc3 Bxd5 14.
Bxd5 Rxd5 15. Qb3 Rhd8 16. Rab1 Qa6 17. h3 g5 18. Rfe1 R5d7 19. a4 Qd3 20. Qa3
h5 21. Qc5 Rd5 22. Qa3 g4 23. Nd4 Rxd4 24. Re3 Qxb1+ 0-1

[Event "Tradewise Gibraltar Masters 16th"]
[Site "Gibraltar"]
[Date "2018.01.31"]
[Round "9.99"]
[White "Suez-Panama, Gilles"]
[Black "Povah, Nigel E"]
[Result "0-1"]
[WhiteElo "1959"]
[BlackElo "2310"]
[PlyCount "188"]
[EventDate "2018.01.23"]
[EventType "swiss"]
[EventRounds "10"]
[EventCountry "GGB"]
[SourceTitle "BritBase"]
[Source "www.saund.co.uk"]
[SourceDate "2018.02.10"]
[SourceVersion "1"]
[SourceVersionDate "2018.02.10"]
[SourceQuality "1"]

1. d4 Nf6 2. Nf3 e6 3. c4 c5 4. d5 exd5 5. cxd5 d6 6. Nc3 g6 7. Qa4+ Bd7 8. Qb3
Qc7 9. e4 Bg7 10. Bd3 O-O 11. O-O Re8 12. Re1 Na6 13. Bf4 Nh5 14. Bg5 h6 15.
Bd2 Rab8 16. Nb5 Bxb5 17. Bxb5 Re7 18. Rac1 Qb6 19. Qa4 Nc7 20. Bd3 a6 21. b4
Rd8 22. bxc5 dxc5 23. Be3 Qb4 24. Qc2 c4 25. Bxc4 Nb5 26. Bd2 Qc5 27. Bxb5 Qxb5
28. Qc5 Qxc5 29. Rxc5 Nf6 30. Ba5 Rdd7 31. Rc8+ Kh7 32. Rc4 b5 33. Rd4 Re8 34.
d6 Ng4 35. Rdd1 Ne5 36. Nxe5 Bxe5 37. Bb4 Kg7 38. g3 g5 39. Rd5 f6 40. Rc1 Kf7
41. Rc6 Ra8 42. Ba5 g4 43. Kg2 Ke6 44. Bc7 h5 45. Rd1 h4 46. f4 gxf3+ 47. Kxf3
hxg3 48. hxg3 Rg8 49. Rg1 a5 50. Rg2 Rdg7 51. g4 Kd7 52. Ra6 a4 53. Ra5 Rh7 54.
Rxb5 Rh3+ 55. Kf2 Ra3 56. Kg1 Bd4+ 57. Kf1 Rh8 58. Rh5 Rf3+ 59. Ke2 Re3+ 60.
Kd2 Rxh5 61. gxh5 Rxe4 62. Rg7+ Kc6 63. Kd3 Rh4 64. Rh7 Be5 65. h6 Rh2 66. Bb8
Bxd6 67. Bxd6 Kxd6 68. Rh8 Ke5 69. h7 Kf5 70. a3 Rh4 71. Ke3 Kg6 72. Kd3 Rxh7
73. Rg8+ Kf5 74. Rg3 Kf4 75. Rg6 Rh3+ 76. Kc2 Kf5 77. Rg8 Rxa3 78. Ra8 Kf4 79.
Ra6 f5 80. Rb6 Kf3 81. Rh6 Rb3 82. Ra6 Rb4 83. Kc3 Re4 84. Kd2 f4 85. Ra8 Re2+
86. Kd1 Ra2 87. Ke1 Ra1+ 88. Kd2 a3 89. Kc2 Kf2 90. Kb3 f3 91. Rf8 Kg2 92. Rg8+
Kf1 93. Rh8 Re1 94. Kxa3 f2 0-1

[Event "Tradewise Gibraltar Masters 16th"]
[Site "Gibraltar"]
[Date "2018.01.31"]
[Round "9.100"]
[White "Rapport, Jovana"]
[Black "De Graaf, Dick"]
[Result "1-0"]
[WhiteElo "2305"]
[BlackElo "2152"]
[PlyCount "57"]
[EventDate "2018.01.23"]
[EventType "swiss"]
[EventRounds "10"]
[EventCountry "GGB"]
[SourceTitle "BritBase"]
[Source "www.saund.co.uk"]
[SourceDate "2018.02.10"]
[SourceVersion "1"]
[SourceVersionDate "2018.02.10"]
[SourceQuality "1"]

1. d4 d5 2. Nf3 e6 3. c4 c6 4. b3 Nf6 5. g3 Be7 6. Bg2 Nbd7 7. O-O O-O 8. Nc3
b6 9. a4 Bb4 10. Qc2 Bb7 11. Rd1 Rc8 12. Bb2 a5 13. Ne5 Qe7 14. Nxd7 Qxd7 15.
e4 Bxc3 16. Bxc3 Nxe4 17. Bxe4 dxe4 18. Qxe4 c5 19. Qg4 f5 20. Qf4 Qe8 21. Rd2
Qh5 22. Re1 Rce8 23. Re3 Rf7 24. d5 Rfe7 25. Rde2 Qf7 26. Qd6 Bc8 27. f4 h6 28.
Qxb6 exd5 29. Rxe7 1-0

[Event "Tradewise Gibraltar Masters 16th"]
[Site "Gibraltar"]
[Date "2018.01.31"]
[Round "9.101"]
[White "Barrenechea Bahamonde, Gustavo"]
[Black "Bergstrom, Rolf"]
[Result "1/2-1/2"]
[WhiteElo "2127"]
[BlackElo "2276"]
[PlyCount "62"]
[EventDate "2018.01.23"]
[EventType "swiss"]
[EventRounds "10"]
[EventCountry "GGB"]
[SourceTitle "BritBase"]
[Source "www.saund.co.uk"]
[SourceDate "2018.02.10"]
[SourceVersion "1"]
[SourceVersionDate "2018.02.10"]
[SourceQuality "1"]

1. e4 d6 2. d4 Nf6 3. Nc3 e5 4. Nf3 Nbd7 5. g4 h6 6. h3 c6 7. a4 b6 8. Qe2 a6
9. Bg2 Be7 10. O-O O-O 11. Be3 Bb7 12. Nd2 b5 13. a5 Re8 14. f4 b4 15. Na4 exd4
16. Bxd4 c5 17. Be3 Bf8 18. e5 Bxg2 19. Qxg2 dxe5 20. fxe5 Rxe5 21. Nc4 Re6 22.
Nab6 Nxb6 23. axb6 Qd5 24. Rfd1 Qxg2+ 25. Kxg2 g5 26. Ra5 Ne4 27. Rd7 Nd6 28.
Rxc5 Nxc4 29. Rxc4 Rxe3 30. b7 Rae8 31. Rc8 Re2+ 1/2-1/2

[Event "Tradewise Gibraltar Masters 16th"]
[Site "Gibraltar"]
[Date "2018.01.31"]
[Round "9.102"]
[White "Veltkamp, Gerben"]
[Black "Heinemann, Josefine"]
[Result "0-1"]
[WhiteElo "2123"]
[BlackElo "2270"]
[PlyCount "80"]
[EventDate "2018.01.23"]
[EventType "swiss"]
[EventRounds "10"]
[EventCountry "GGB"]
[SourceTitle "BritBase"]
[Source "www.saund.co.uk"]
[SourceDate "2018.02.10"]
[SourceVersion "1"]
[SourceVersionDate "2018.02.10"]
[SourceQuality "1"]

1. e4 e5 2. f4 exf4 3. Nc3 Qh4+ 4. Ke2 Qe7 5. Kf2 Nf6 6. e5 Qxe5 7. d4 Qg5 8.
Nh3 Qh4+ 9. Kg1 f3 10. g3 Qh5 11. Qe1+ Kd8 12. Nf4 Qa5 13. Bd2 Qb6 14. Nb5 Nc6
15. c3 a6 16. Na3 Bxa3 17. bxa3 Re8 18. Qb1 Qxb1 19. Rxb1 d5 20. h3 b6 21. Bd3
g5 22. Nxd5 Nxd5 23. Bxg5+ Nce7 24. c4 Nc3 25. Re1 Ne2+ 26. Bxe2 fxe2 27. Rh2
Rg8 28. Bh4 Kd7 29. Rf2 Rg7 30. Rexe2 f5 31. Re5 Bb7 32. Bxe7 Rxe7 33. Rexf5
Re1+ 34. Rf1 Rxf1+ 35. Kxf1 Re8 36. d5 Re7 37. Kf2 Kd6 38. g4 Kc5 39. Rf4 a5
40. h4 Ba6 0-1

[Event "Tradewise Gibraltar Masters 16th"]
[Site "Gibraltar"]
[Date "2018.01.31"]
[Round "9.103"]
[White "Maisuradze, Nino"]
[Black "Byron, Alan M"]
[Result "1-0"]
[WhiteElo "2234"]
[BlackElo "2099"]
[PlyCount "51"]
[EventDate "2018.01.23"]
[EventType "swiss"]
[EventRounds "10"]
[EventCountry "GGB"]
[SourceTitle "BritBase"]
[Source "www.saund.co.uk"]
[SourceDate "2018.02.10"]
[SourceVersion "1"]
[SourceVersionDate "2018.02.10"]
[SourceQuality "1"]

1. d4 Nf6 2. c4 g6 3. Nc3 Bg7 4. e4 d6 5. f4 O-O 6. Nf3 Na6 7. Be2 e5 8. fxe5
dxe5 9. d5 c6 10. O-O Nc5 11. Qc2 Nfxe4 12. Nxe4 Bf5 13. Nfd2 cxd5 14. cxd5 Rc8
15. Rxf5 gxf5 16. Nxc5 e4 17. Ndb3 Be5 18. Qd2 Kh8 19. Qh6 b6 20. Bg5 Bg7 21.
Bxd8 Bxh6 22. Bf6+ Bg7 23. Bxg7+ Kxg7 24. Na4 Rc2 25. Nd4 Rd2 26. Rd1 1-0

[Event "Tradewise Gibraltar Masters 16th"]
[Site "Gibraltar"]
[Date "2018.01.31"]
[Round "9.104"]
[White "Cholleti, Sahajasri"]
[Black "Kvisla, Johannes Luangtep"]
[Result "0-1"]
[WhiteElo "2083"]
[BlackElo "2234"]
[PlyCount "46"]
[EventDate "2018.01.23"]
[EventType "swiss"]
[EventRounds "10"]
[EventCountry "GGB"]
[SourceTitle "BritBase"]
[Source "www.saund.co.uk"]
[SourceDate "2018.02.10"]
[SourceVersion "1"]
[SourceVersionDate "2018.02.10"]
[SourceQuality "1"]

1. Nf3 Nf6 2. c4 e6 3. g3 d5 4. d4 dxc4 5. Bg2 Bd7 6. Ne5 Bc6 7. Nxc6 Nxc6 8.
O-O Qd7 9. e3 O-O-O 10. Qa4 Nd5 11. Qxc4 h5 12. Bd2 h4 13. Rc1 hxg3 14. hxg3 f5
15. b4 g5 16. b5 Nce7 17. a4 f4 18. a5 fxe3 19. fxe3 Qd6 20. b6 a6 21. e4 Qxg3
22. exd5 Nxd5 23. Nc3 Bd6 0-1

[Event "Tradewise Gibraltar Masters 16th"]
[Site "Gibraltar"]
[Date "2018.01.31"]
[Round "9.105"]
[White "Tejaswini, Sagar"]
[Black "Estrada Nieto, Julian"]
[Result "1-0"]
[WhiteElo "2081"]
[BlackElo "2222"]
[PlyCount "71"]
[EventDate "2018.01.23"]
[EventType "swiss"]
[EventRounds "10"]
[EventCountry "GGB"]
[SourceTitle "BritBase"]
[Source "www.saund.co.uk"]
[SourceDate "2018.02.10"]
[SourceVersion "1"]
[SourceVersionDate "2018.02.10"]
[SourceQuality "1"]

1. e4 e5 2. Nf3 Nc6 3. Bb5 a6 4. Ba4 Nf6 5. O-O Be7 6. Re1 b5 7. Bb3 d6 8. c3
O-O 9. h3 Nb8 10. d4 Nbd7 11. Nbd2 Bb7 12. Bc2 Re8 13. a4 Bf8 14. Bd3 c6 15. b3
Qc7 16. Bb2 g6 17. Qc2 Bg7 18. Bf1 Rad8 19. Rac1 Nh5 20. c4 b4 21. d5 Nc5 22.
g3 Rf8 23. Bg2 Bh6 24. Rcd1 f5 25. exf5 gxf5 26. Nh4 Ng7 27. Nf1 e4 28. Ne3 Nd3
29. Rxd3 exd3 30. Qxd3 Bxe3 31. Rxe3 cxd5 32. Bxd5+ Kh8 33. Nxf5 Rxf5 34. Qxf5
Bxd5 35. Qxd5 Qd7 36. Qg5 1-0

[Event "Tradewise Gibraltar Masters 16th"]
[Site "Gibraltar"]
[Date "2018.01.31"]
[Round "9.106"]
[White "Walton, Alan J"]
[Black "Pabalan, Rocky"]
[Result "0-1"]
[WhiteElo "2194"]
[BlackElo "2098"]
[PlyCount "104"]
[EventDate "2018.01.23"]
[EventType "swiss"]
[EventRounds "10"]
[EventCountry "GGB"]
[SourceTitle "BritBase"]
[Source "www.saund.co.uk"]
[SourceDate "2018.02.10"]
[SourceVersion "1"]
[SourceVersionDate "2018.02.10"]
[SourceQuality "1"]

1. d4 Nf6 2. Bg5 c5 3. d5 Ne4 4. Bf4 Qb6 5. Nd2 Qxb2 6. Nxe4 Qb4+ 7. Qd2 Qxe4
8. e3 g5 9. f3 Qf5 10. Bg3 Bg7 11. c3 d6 12. Bd3 Qf6 13. Ne2 e5 14. O-O Qe7 15.
f4 O-O 16. Qc2 f5 17. fxe5 Bxe5 18. Bxf5 Bxf5 19. Rxf5 Rxf5 20. Qxf5 Nd7 21.
Rb1 b6 22. Bxe5 Nxe5 23. Ng3 Ng6 24. Ne4 Kh8 25. Qe6 Qxe6 26. dxe6 Re8 27. Nxg5
Kg7 28. Rd1 h6 29. Nf7 Rxe6 30. Nxd6 Kf6 31. Kf2 Ne5 32. h3 c4 33. Rd4 Nd3+ 34.
Kf3 Ne1+ 35. Ke2 Nxg2 36. Kf2 Nxe3 37. Ne4+ Rxe4 38. Rxe4 Nd1+ 39. Kg3 b5 40.
Rf4+ Ke5 41. Rh4 Nxc3 42. Rxh6 b4 43. Rc6 Kd5 44. Rc7 Nxa2 45. h4 b3 46. h5 b2
47. Rb7 c3 48. h6 c2 49. h7 b1=Q 50. h8=Q Qe1+ 51. Kg2 Qd2+ 52. Kh3 Qc3+ 0-1

[Event "Tradewise Gibraltar Masters 16th"]
[Site "Gibraltar"]
[Date "2018.01.31"]
[Round "9.107"]
[White "Hewson, Brian W R"]
[Black "Gonzalez Gonzalez, Alfonso"]
[Result "0-1"]
[WhiteElo "2024"]
[BlackElo "2192"]
[PlyCount "268"]
[EventDate "2018.01.23"]
[EventType "swiss"]
[EventRounds "10"]
[EventCountry "GGB"]
[SourceTitle "BritBase"]
[Source "www.saund.co.uk"]
[SourceDate "2018.02.10"]
[SourceVersion "1"]
[SourceVersionDate "2018.02.10"]
[SourceQuality "1"]

1. d4 Nf6 2. Nf3 e6 3. g3 b5 4. Bg2 Bb7 5. a4 b4 6. O-O Be7 7. Nbd2 O-O 8. Nb3
Na6 9. Na5 Be4 10. Ne5 Bxg2 11. Kxg2 c6 12. Nb3 Rc8 13. Nd3 d6 14. c4 c5 15.
dxc5 d5 16. cxd5 Qxd5+ 17. f3 Rfd8 18. Be3 e5 19. Bg1 Nh5 20. Nf2 Qe6 21. Qc2
Nc7 22. e4 Qg6 23. Rad1 Rxd1 24. Rxd1 Ne6 25. Ng4 Qg5 26. Be3 Nhf4+ 27. gxf4
exf4 28. Rd5 Qg6 29. Bg1 h5 30. h3 hxg4 31. hxg4 Ng5 32. Qe2 Qh6 33. Kf1 Re8
34. Qg2 Qa6+ 35. Qe2 Qxa4 36. Nd4 Qa1+ 37. Kg2 Nh3 38. Bf2 Nxf2 39. Qxf2 g6 40.
Nb3 Qa4 41. Nc1 a5 42. Nd3 g5 43. Ne5 Rc8 44. Nd7 Qc6 45. Ne5 Qh6 46. Nc4 Ra8
47. Nd6 a4 48. Nf5 Qf8 49. Nxe7+ Qxe7 50. c6 a3 51. bxa3 bxa3 52. Rd7 Qf8 53.
Qa2 Rb8 54. c7 Rb2+ 55. Qxb2 axb2 56. Rd8 b1=Q 57. Rxf8+ Kxf8 58. c8=Q+ Kg7 59.
Qc3+ Kh7 60. Qd2 Qb3 61. Qe2 Qc3 62. Qa2 Kg7 63. Qf2 Qb4 64. Qc2 Qe1 65. Qb2+
Kh7 66. Qf2 Qa1 67. Qc5 Qg7 68. Qf5+ Kh6 69. Qc5 Qb2+ 70. Qf2 Qb4 71. Qa7 Qc4
72. Qb6+ Kg7 73. Qb2+ Kh7 74. Qb6 Qa2+ 75. Qf2 Qa5 76. Qd4 Kg8 77. Qf6 Qb5 78.
Qd8+ Kg7 79. Qd4+ Kh7 80. Qd2 Qa6 81. Qb2 Kg6 82. Kf2 Kh7 83. Kg2 Qd6 84. Qc2
Kg8 85. Qc8+ Kg7 86. Qc3+ Kf8 87. Qc8+ Kg7 88. Qc3+ f6 89. Qb2 Qc7 90. Qa2 Qb7
91. Qc2 Qe7 92. Qb3 Qd8 93. Qb7+ Kg6 94. Qb2 Qc7 95. Qa2 Kg7 96. Qb2 Kf7 97.
Qb3+ Ke7 98. Qb4+ Kd7 99. Qd4+ Qd6 100. Qa7+ Kd8 101. Qa8+ Ke7 102. Qb7+ Qd7
103. Qb4+ Kf7 104. Qc4+ Kg7 105. Qc2 Qd8 106. Qa2 Kg6 107. Qc2 Qd7 108. Qa2 Qc8
109. Qb2 Qh8 110. Qf2 Qh7 111. Qa2 Qh8 112. Qc2 Qd8 113. e5+ Kg7 114. exf6+
Qxf6 115. Qc7+ Kg6 116. Qc2+ Kh6 117. Qe2 Qd6 118. Qb2 Qd8 119. Qc2 Qd5 120.
Qb2 Kg6 121. Qb6+ Kf7 122. Qc7+ Ke6 123. Qc2 Kd6 124. Qg6+ Kc5 125. Qc2+ Qc4
126. Qb2 Qd3 127. Qe5+ Kc4 128. Qc7+ Kb3 129. Qb6+ Kc2 130. Qc5+ Kd1 131. Qc6
Qc2+ 132. Qxc2+ Kxc2 133. Kf1 Kd3 134. Kf2 Kd2 0-1

[Event "Tradewise Gibraltar Masters 16th"]
[Site "Gibraltar"]
[Date "2018.01.31"]
[Round "9.108"]
[White "Chibnall, Alana"]
[Black "Bendayan Claros, Aaron"]
[Result "0-1"]
[WhiteElo "1906"]
[BlackElo "2191"]
[PlyCount "88"]
[EventDate "2018.01.23"]
[EventType "swiss"]
[EventRounds "10"]
[EventCountry "GGB"]
[SourceTitle "BritBase"]
[Source "www.saund.co.uk"]
[SourceDate "2018.02.10"]
[SourceVersion "1"]
[SourceVersionDate "2018.02.10"]
[SourceQuality "1"]

1. e4 g6 2. d4 Bg7 3. Nf3 c6 4. h3 d5 5. e5 h5 6. Bd3 Nh6 7. Nbd2 Bf5 8. Nf1 e6
9. Bg5 f6 10. exf6 Bxf6 11. Bxf5 Nxf5 12. Bxf6 Qxf6 13. Qd2 Nd7 14. O-O-O O-O-O
15. Qf4 Rde8 16. Re1 Rhg8 17. h4 Rgf8 18. Ne5 Nxe5 19. Rxe5 Nd6 20. Qxf6 Rxf6
21. f3 Rf4 22. Rg5 Rg8 23. Ng3 Rff8 24. Ne2 Kd7 25. c3 Rf6 26. Kc2 Nf7 27. Rg3
e5 28. dxe5 Nxe5 29. Nd4 a6 30. Re1 Kd6 31. b4 b6 32. f4 Ng4 33. Rf3 c5 34. Nb3
cxb4 35. cxb4 Rc8+ 36. Kd3 Rc4 37. Nd4 Rxb4 38. Rc1 Kd7 39. g3 Ra4 40. Rc2 Rf8
41. Rf1 Re8 42. Rf3 Re4 43. Ne2 Nh6 44. Nc3 Rad4# 0-1

[Event "Tradewise Gibraltar Masters 16th"]
[Site "Gibraltar"]
[Date "2018.01.31"]
[Round "9.109"]
[White "Barthel, Ansgar"]
[Black "Janiszewski, Maciej"]
[Result "1-0"]
[WhiteElo "2187"]
[BlackElo "2029"]
[PlyCount "81"]
[EventDate "2018.01.23"]
[EventType "swiss"]
[EventRounds "10"]
[EventCountry "GGB"]
[SourceTitle "BritBase"]
[Source "www.saund.co.uk"]
[SourceDate "2018.02.10"]
[SourceVersion "1"]
[SourceVersionDate "2018.02.10"]
[SourceQuality "1"]

1. e4 d5 2. exd5 Nf6 3. d4 Bg4 4. f3 Bf5 5. Bb5+ Nbd7 6. c4 e6 7. dxe6 fxe6 8.
Nc3 c6 9. Ba4 Bb4 10. Nge2 e5 11. Be3 e4 12. fxe4 Bxe4 13. O-O Qe7 14. Nxe4
Qxe4 15. Bd2 Bd6 16. Bc2 Qe6 17. d5 cxd5 18. Nf4 Bxf4 19. Bxf4 Qb6+ 20. Kh1 O-O
21. cxd5 Qxb2 22. Bf5 Kh8 23. Qd3 Nc5 24. Qc4 b6 25. Rae1 Qa3 26. Bd6 Rfe8 27.
Be7 Qa5 28. d6 Ncd7 29. Qh4 Qxa2 30. Be6 Qb2 31. Qh3 Qb5 32. Bf7 Rec8 33. Qe6
Ng8 34. Rf5 Rc5 35. Rxc5 Nxc5 36. Qh3 Qd3 37. Qxd3 Nxd3 38. Ra1 a5 39. Bxg8 Nc5
40. Bd5 Rb8 41. Bc6 1-0

[Event "Tradewise Gibraltar Masters 16th"]
[Site "Gibraltar"]
[Date "2018.01.31"]
[Round "9.110"]
[White "Cherigui, Mourad"]
[Black "Pinho, Paulo"]
[Result "0-1"]
[WhiteElo "1892"]
[BlackElo "2186"]
[PlyCount "90"]
[EventDate "2018.01.23"]
[EventType "swiss"]
[EventRounds "10"]
[EventCountry "GGB"]
[SourceTitle "BritBase"]
[Source "www.saund.co.uk"]
[SourceDate "2018.02.10"]
[SourceVersion "1"]
[SourceVersionDate "2018.02.10"]
[SourceQuality "1"]

1. b4 e6 2. Bb2 Nf6 3. a3 b6 4. Nf3 Bb7 5. g3 Be7 6. Bg2 O-O 7. O-O d6 8. c4
Nbd7 9. d4 c5 10. dxc5 bxc5 11. b5 Nb6 12. Nbd2 Ne4 13. Nxe4 Bxe4 14. Nd2 Bxg2
15. Kxg2 d5 16. Qc2 a6 17. a4 dxc4 18. Rfd1 axb5 19. axb5 Qd7 20. Nxc4 Qxb5 21.
Ne5 Rfe8 22. Rdb1 c4 23. Bc3 Qc5 24. Rxa8 Rxa8 25. Nf3 Nd5 26. Bd4 Qc6 27. Kh3
Qe8 28. Kg2 Ra3 29. Be5 Nb4 30. Qe4 Bf8 31. h4 h6 32. g4 Qc6 33. Qf4 Nd5 34.
Qc1 Ra8 35. g5 h5 36. Kg3 Ne7 37. Bf4 Nf5+ 38. Kh3 Qe4 39. g6 f6 40. Kh2 Ba3
41. Qd2 Qxb1 42. Qd7 Qe4 43. Bc7 Be7 44. Qb5 Nxh4 45. Qxh5 Nxg6 0-1

[Event "Tradewise Gibraltar Masters 16th"]
[Site "Gibraltar"]
[Date "2018.01.31"]
[Round "9.111"]
[White "Lochte, Thomas"]
[Black "Hamer, Martyn"]
[Result "1/2-1/2"]
[WhiteElo "2169"]
[BlackElo "2020"]
[PlyCount "134"]
[EventDate "2018.01.23"]
[EventType "swiss"]
[EventRounds "10"]
[EventCountry "GGB"]
[SourceTitle "BritBase"]
[Source "www.saund.co.uk"]
[SourceDate "2018.02.10"]
[SourceVersion "1"]
[SourceVersionDate "2018.02.10"]
[SourceQuality "1"]

1. e4 e5 2. Nf3 Nc6 3. Bb5 a6 4. Ba4 d6 5. d4 Bd7 6. O-O Nge7 7. c3 g6 8. Be3
Bg7 9. d5 Nb8 10. Bb3 a5 11. Nfd2 O-O 12. f4 exf4 13. Bxf4 h6 14. Nf3 Bg4 15.
Nbd2 Nd7 16. h3 Bxf3 17. Nxf3 Ne5 18. Nxe5 dxe5 19. Be3 Nc8 20. c4 Nd6 21. Qd3
b6 22. c5 bxc5 23. Bxc5 Qd7 24. Rac1 f5 25. Bxd6 cxd6 26. Rc6 fxe4 27. Rxf8+
Rxf8 28. Qxe4 Rf5 29. Qg4 Qa7+ 30. Kh2 Rf6 31. Rc3 e4 32. Qxe4 Rf5 33. Qe6+ Kh7
34. Rg3 Rf6 35. Qe4 Rf5 36. Qe8 Qf7 37. Qxf7 Rxf7 38. Bc2 Rf2 39. Bxg6+ Kg8 40.
Rb3 Be5+ 41. Kg1 Rxb2 42. Rxb2 Bxb2 43. Kf2 a4 44. Kf3 a3 45. Ke4 Bc3 46. Kd3
Bb4 47. g4 Kg7 48. Kc4 Bc5 49. Be8 Kg8 50. h4 Kg7 51. Kd3 Bg1 52. Kc4 Bc5 53.
g5 hxg5 54. hxg5 Kg8 55. Kb5 Kg7 56. Kc6 Kg8 57. Kd7 Kg7 58. Ke6 Bb4 59. Bh5
Bc5 60. Kd7 Bb4 61. Kc6 Bc5 62. Kb5 Kg8 63. g6 Kg7 64. Kc6 Kg8 65. Kd7 Kg7 66.
Ke6 Bb4 67. Kf5 Bc5 1/2-1/2